000
002560000a22000970004500
100
1
_a
Steuernagel, Valdir R.
245
1
0
_a
Viñetas Centroamericanas
300
_a
Vol. 10, Num 2 (Abril-Junio, 1991) Páginas 20-23
773
0
_t
Iglesia y Misión
942
_c
ANA
999
_c
51915
_d
51915